| 000 | nam a22 7a 4500 | ||
|---|---|---|---|
| 999 |
_c332443 _d332443 |
||
| 003 | NUST | ||
| 005 | 20171206100104.0 | ||
| 008 | 171206b xxu||||| |||| 00| 0 eng d | ||
| 020 | _a8120312368 | ||
| 040 | _c0 | ||
| 082 | _a631.4 MIL | ||
| 100 |
_aMiller,Raymond W. _96966 |
||
| 245 |
_aSoils in Over Environment _cRaymond W.Miller |
||
| 250 | _a7th ed. | ||
| 260 |
_aNew Delhi _bPrentice-Hall _c1997. |
||
| 300 | _a649p. | ||
| 500 | _aP.B | ||
| 942 |
_2ddc _cBK _kIESE |
||